000
00215 a2200097 4500
001
31572
100
_a
Yu T.George
245
_a
Asia's New World Order
260
_a
London
_b
Macmillan
_c
1997
090
_c
21427
_d
21427
942
_a
NUST-CAE
_c
M
_c
12700
999
_c
266645
_d
266645